Top 5 Football Teams in UK National Leagues - Statistics

General Stats
  • This quiz has been taken 60 times
  • The average score is 10 of 20
Answer Stats
Answer % Correct
Liverpool
100%
Manchester City
100%
Manchester United
98%
Celtic
96%
Chelsea
94%
Rangers
89%
Aberdeen
62%
Leicester City
62%
Hibernian
58%
The New Saints
36%
St Johnstone
32%
Glentoran
23%
Linfield
23%
Barry Town United
21%
Bala Town
19%
Cliftonville
17%
Coleraine
17%
Connah's Quay Nomads
11%
Larne
9%
Caernarfon Town
8%
No matching quizzes found
Score Distribution
Percent of People with Each Score
Percentile by Number Answered
Your Score History
You have not taken this quiz